00460 2200169 4500001002100000008004100021035002000062245005100082100002000133260003100153300002100184020002200205084001600227082001000243650002300253990001400276INLIS000000000000181 ind  a0010-0525000162 aIPA Kimia untuk SMA/MA Kelas XcUnggul Sudarmo aSudarmo, Unggul aJakarta :bErlangga,c2022 a150 hlm.c25 cm. a978-623-266-631-3 a540.7 SUD i a540.7 aPendidikan - Kimia a000000191